00000000cam 2200000zi 4500
0019.962743
003CaOODSP
00520260513092058
006m     o  d f      
007cr mn|||||||||
008260513s1984    onc     ob   f000 0 fre d
040 |aCaOODSP|bfre|erda|cCaOODSP
043 |an-cn---
0861 |aJS4-1/1984-56F-PDF
1001 |aGagnon, Danièle, |eauteur.
24510|aHistoire de la loi sur les jeunes delinquants / |cDanièle Gagnon.
264 1|a[Ottawa] : |bMinistère du Solliciteur général du Canada, Secrétariat, Direction des programmes, |c1984.
300 |a1 ressource en ligne (vii, 236 pages).
336 |atexte|btxt|2rdacontent/fre
337 |ainformatique|bc|2rdamedia/fre
338 |aressource en ligne|bcr|2rdacarrier/fre
4901 |aDirection des programmes - rapport pour spécialistes ; |vno. 1984-56
500 |aÉdition numérisée de l'imprimée [par Sécurité publique Canada].
500 |aPublié aussi en anglais sous le titre : History of the law for juvenile delinquents.
500 |a« Ce document de travail est présenté tel qu'il a été soumis au Ministère. Les opinions qu'il renferme sont celles de l'auteur et ne représentent pas nécessairement le point de vue du Ministère du Solliciteur général du Canada. »
504 |aComprend des références bibliographiques (pages 235-236).
520 |a« Le présent mémoire se veut un exposé de l'histoire de la loi sur les jeunes délinquants. Cette loi, dont l'origine remonte à 1857, fut l'objet de nombreux débats. Encore aujourd'hui, elle demeure un centre d'intérêt pour ceux qui s'intéressent aux problèmes des jeunes » -- Page vii.
650 6|aJeunes délinquants|xDroit|zCanada.
7101 |aCanada. |bSolliciteur général Canada.|bDirection des programmes, |eorganisme de publication.
77508|tHistory of the law for juvenile delinquents / |w(CaOODSP)9.962742
830#0|aRapport pour spécialistes (Canada. Solliciteur général Canada)|vno. 1984-56.|w(CaOODSP)9.808484
85640|qPDF|s6.03 Mo|uhttps://publications.gc.ca/collections/collection_2026/sp-ps/js4-1/JS4-1-1984-56-fra.pdf